LDR 01162naa#a2200157#i#450# 001 EN\\bibl\19751 005 20260603041631.3 100 ## _a20260601b2026####ek#y0engy0150####ca 102 ## _aRU 200 1# _aRECREATIONAL LOADS IN SPECIALLY PROTECTED NATURAL AREAS _eConference article/thesis 210 1# _aVoronezh _cFSBE Institution of Higher Education Voronezh State University of Forestry and Technologies named after G.F. Morozov _d2026 215 ## _a5 с. 608 ## _aConference article/thesis _2local 675 ## _aПрирода. Изучение и охрана природы. Охрана растительного и животного мира, охрана ландшафтов. Комплексные исследования, охватывающие вопросы разделов 502 и 504, классифицируются в 504. 502 _aЗаповедники, национальные парки, резерваты и другие охраняемые природные территории (акватории) в целом и управление ими. 502.4 _aОрганизация досуга. 379.8 _z 700 #1 _aVoloshina _gO. V. 856 4# _abibl.vgltu.ru _u